00462nam a2200181 a 4500001001300000003000900013005001700022008004100039020001000080082001500090100001700105245003000122260004000152300000900192500003500201650002700236700001700263nice12345678IN_TiNIC20260116011857.0050524s0000 saha grp 000 0 urd  ac10000a232.9bJAL aJalal, Uddin aKhudawan Masih Ki Zindagi aSaharanpur bMadara Ilahiyat c0000 a112p aincludes index and biblioraphy aJesus Christ-Biography1 aJalal, Uddin